Central Library OPAC University of Rajshahi

Intra-Asian international relations / (Record no. 58199)

MARC details
000 -LEADER
fixed length control field 01329nam a2200349 a 4500
001 - CONTROL NUMBER
control field 58199
003 - CONTROL NUMBER IDENTIFIER
rucl marc code BD-RJUL
005 - DATE AND TIME OF LATEST TRANSACTION
control field 20211209080609.0
008 - FIXED-LENGTH DATA ELEMENTS--GENERAL INFORMATION
fixed length control field 161217s1977 cou b 000 0 eng
020 ## - INTERNATIONAL STANDARD BOOK NUMBER
International Standard Book Number 0891581251 :
Terms of availability 13.75
035 ## - SYSTEM CONTROL NUMBER
System control number BD-RJUL 58323
System control number (OCoLC)03089452
System control number GLIS00050853
040 ## - CATALOGING SOURCE
Original cataloging agency DLC
Transcribing agency DLC
Modifying agency MYG
Language of cataloging eng
041 ## - LANGUAGE CODE
Language code of text/sound track or separate title eng
082 ## - DEWEY DECIMAL CLASSIFICATION NUMBER
Edition number 23
Classification number 327.095
Author mark and year INT 1977
099 ## - LOCAL FREE-TEXT CALL NUMBER (OCLC)
Bangla Class number DS35.I57
245 00 - TITLE STATEMENT
Title Intra-Asian international relations /
Statement of responsibility, etc. edited by George T. Yu.
260 ## - PUBLICATION, DISTRIBUTION, ETC. (IMPRINT)
Place of publication, distribution, etc. Boulder, Colo. :
Name of publisher, distributor, etc. Westview Press,
Date of publication, distribution, etc. 1977.
300 ## - PHYSICAL DESCRIPTION
Pagination xi, 172 p. ;
Size 24 cm.
490 1# - SERIES STATEMENT
Series statement Westview special studies on China and East Asia/South and Southeast Asia
500 ## - GENERAL NOTE
General note "This book originated from a panel organized for the 1976 annual conference of the Association for Asian Studies."
504 ## - BIBLIOGRAPHY, ETC. NOTE
Bibliography, etc Bibliography: p. [167]-172.
651 #0 - SUBJECT ADDED ENTRY--GEOGRAPHIC NAME
Geographic name Asia
General subdivision Politics and government.
9 (RLIN) 172876
700 1# - ADDED ENTRY--PERSONAL NAME
Personal name Yu, George T.,
Dates associated with a name 1931-
710 2# - ADDED ENTRY--CORPORATE NAME
Corporate name or jurisdiction name as entry element Association for Asian Studies.
9 (RLIN) 172878
711 2# - ADDED ENTRY--MEETING NAME
Meeting name or jurisdiction name as entry element Panel on Intra-Asian International Relations
Date of meeting (1976 :
Location of meeting Association for Asian Studies)
9 (RLIN) 172879
830 #0 - SERIES ADDED ENTRY--UNIFORM TITLE
Uniform title Westview special studies on China and East Asia.
Uniform title Westview special studies on South and Southeast Asia.
942 ## - ADDED ENTRY ELEMENTS (KOHA)
Source of classification or shelving scheme Dewey Decimal Classification
Koha item type Books
Holdings
Lost status Source of classification or shelving scheme Damaged status Not for loan Collection code Permanent Location Current Location Shelving location Date acquired Total Checkouts Full call number Date last seen Copy number Koha item type
  Dewey Decimal Classification   Not For Loan Non-fiction Central Library, University of Rajshahi Central Library, University of Rajshahi Reading Room 25/08/1988   327.095 INT 1977 17/12/2016 C-1 Books